00226nam a2200085Ia 4500001000800000005001700008008004100025245005400066260002000120125326520251031150950.0251031s9999 xx 000 0 und d 0cZEYNEP YEŞİLMENaV-4 ÇİZGİLİ GÖMLEK bERDEM YAYINLARI